| 000 | 00949nam a2200229Ia 4500 | ||
|---|---|---|---|
| 003 | Ost | ||
| 005 | 20260507075127.0 | ||
| 008 | 260507s9999||||xx |||||||||||||| ||und|| | ||
| 040 | _cfsecg | ||
| 041 | _aara | ||
| 082 | _a330 | ||
| 100 |
_aالمغربي، كامل محمد _eمؤلف |
||
| 245 | 0 |
_aالسلوك التنظيمي / _c كامل محمد المغربي |
|
| 246 | _aمفاهيم وأسس سلوك الفرد والجماعة في التنظيم | ||
| 250 | _aطبعة 3 | ||
| 260 |
_aعمان: _bدار الفكر, _c2004 |
||
| 300 |
_a357 صفحة؛ _c25 سم |
||
| 520 | _aالعنصر الإنساني في التنظيم- سلوك الفرد والتنظيم- سلوك الجماعة في التنظيم- العمليات التنظيمية-هيكلية التنظيم-فعالية التنظيم-العقل الإنساني | ||
| 653 | _aالتنظيم | ||
| 653 | _aالسلوك التنظيمي | ||
| 942 | _cكتاب | ||
| 999 |
_c43168 _d43168 |
||